[Event "ICS rated blitz match"]
[Site "207.99.83.229"]
[Date "1999.07.21"]
[Round "?"]
[White "Hossa"]
[Black "Slivovitz"]
[Result "1/2-1/2"]
[WhiteElo "2388"]
[BlackElo "2110"]
[PlyCount "97"]
[EventDate "1999.??.??"]

1. d4 Nf6 2. c4 g6 3. Nc3 d6 4. e4 Nbd7 5. Bd3 Bg7 6. Nge2 e5 7. O-O O-O 8. d5
b6 9. f4 exf4 10. Bxf4 Ng4 11. Qd2 Nge5 12. a3 a5 13. Be3 Nxd3 14. Qxd3 Ne5 15.
Qd1 Nxc4 16. Bd4 Ne5 17. Rc1 Ba6 18. Rf4 Nd3 19. Bxg7 Kxg7 20. Rc2 Nxf4 21.
Nxf4 Qe7 22. Rf2 Kh8 23. a4 Rae8 24. b3 Bc8 25. Qd4+ Qe5 26. Qc4 Re7 27. Nd3
Qg7 28. Ne2 Rfe8 29. Ng3 f6 30. Rf4 Kg8 31. h3 Rf8 32. Rf1 Kh8 33. Nf2 f5 34.
exf5 Bxf5 35. Ne2 Bc8 36. Nf4 Ref7 37. Ne2 Kg8 38. Ng3 Qe5 39. Nge4 h6 40. Qc6
Bf5 41. Re1 Bxe4 42. Nxe4 Re7 43. Qc2 Rfe8 44. Qf2 Kg7 45. Qd2 Rf7 46. Re2 Rfe7
47. Re1 Rf8 48. Re2 Rfe8 49. Re1 {Game drawn by repetition} 1/2-1/2

[Event "ICS rated blitz match"]
[Site "207.99.83.229"]
[Date "1999.07.21"]
[Round "?"]
[White "swelch"]
[Black "Hossa"]
[Result "1/2-1/2"]
[WhiteElo "2069"]
[BlackElo "2377"]
[PlyCount "104"]
[EventDate "1999.??.??"]

1. e4 Nf6 2. Nc3 d5 3. e5 d4 4. exf6 dxc3 5. fxg7 cxd2+ 6. Bxd2 Bxg7 7. Qh5 Qd4
8. Nf3 Qxb2 9. Rd1 Qxc2 10. Be2 O-O 11. O-O Qxa2 12. Bd3 f5 13. Bh6 Qf7 14. Qg5
Qf6 15. Qxg7+ Qxg7 16. Bxg7 Kxg7 17. Rfe1 Kf6 18. Bc4 Nc6 19. h4 e5 20. Ng5 Kg7
21. Be6 h6 22. Bxc8 Rfxc8 23. Rd7+ Kf6 24. Nh7+ Kg6 25. h5+ Kxh5 26. Rg7 Rg8
27. Nf6+ Kh4 28. Nxg8 Rxg8 29. Rxg8 f4 30. g3+ Kh3 31. gxf4 exf4 32. Re6 h5 33.
Rh6 h4 34. Rgh8 Kg4 35. Rxh4+ Kf5 36. R8h5+ Ke4 37. Rh7 Nd4 38. R4h6 Nb5 39.
Re6+ Kf5 40. Ree7 Kg4 41. Rxc7 Nd4 42. Rxb7 Nf3+ 43. Kf1 a5 44. Ra7 Nd2+ 45.
Ke2 Nb3 46. Rxa5 Nxa5 47. Rg7+ Kf5 48. Rf7+ Ke4 49. Rxf4+ Kxf4 50. Kd2 Nc6 51.
Kc3 Kf3 52. Kc4 52... Kxf2 {
Game drawn because neither player has mating material} 1/2-1/2

[Event "ICS Rated blitz match"]
[Site "207.99.83.229"]
[Date "1999.07.21"]
[Round "?"]
[White "Hossa"]
[Black "DemonRook"]
[Result "0-1"]
[WhiteElo "2366"]
[BlackElo "2071"]
[PlyCount "80"]
[EventDate "1999.??.??"]

1. d4 Nf6 2. c4 c5 3. d5 b5 4. cxb5 a6 5. f3 axb5 6. e4 Qa5+ 7. Bd2 b4 8. Na3
d6 9. Nc4 Qc7 10. Bg5 Nbd7 11. Bd3 h6 12. Bxf6 Nxf6 13. Ne2 g6 14. O-O Bg7 15.
a4 bxa3 16. bxa3 O-O 17. Rb1 Bd7 18. Qd2 Rfb8 19. Rfc1 Bb5 20. Qe3 Bxc4 21.
Bxc4 Qa5 22. Rxb8+ Rxb8 23. f4 Nd7 24. f5 Ne5 25. fxg6 fxg6 26. Ba2 Rb2 27. Bb1
c4 28. Kh1 Rb3 29. Qf4 Nd3 30. Bxd3 cxd3 31. Rc8+ Kh7 32. Ng1 Rb1 33. Rc1 Rxc1
34. Qxc1 d2 35. Qd1 Qc3 36. a4 Bd4 37. Nf3 Qc1 38. Qg1 Qxg1+ 39. Nxg1 d1=Q 40.
g3 40... Qxg1# {Hossa checkmated} 0-1

[Event "ICS rated blitz match"]
[Site "207.99.83.229"]
[Date "1999.07.21"]
[Round "?"]
[White "Aristophones"]
[Black "Hossa"]
[Result "0-1"]
[WhiteElo "2046"]
[BlackElo "2339"]
[PlyCount "108"]
[EventDate "1999.??.??"]

1. d4 d5 2. Nf3 Nf6 3. e3 g6 4. c4 dxc4 5. Bxc4 Bg7 6. Nc3 O-O 7. O-O Bg4 8. h3
Bh5 9. g4 Nxg4 10. hxg4 Bxg4 11. Be2 Nd7 12. Nh2 Bh3 13. Re1 e5 14. Bg4 Bxg4
15. Qxg4 h5 16. Qg2 c6 17. b3 exd4 18. exd4 Bxd4 19. Bb2 Bg7 20. Na4 Bxb2 21.
Nxb2 Qf6 22. Nc4 Rad8 23. Rad1 Nc5 24. Ne3 Nd3 25. Rf1 Nf4 26. Qf3 Qe5 27. Kh1
Qg5 28. Rxd8 Rxd8 29. Rd1 Nd3 30. Qe2 Qe5 31. Nf3 Qe4 32. Kg1 Rd6 33. Rd2 Rd7
34. Ng2 Qxe2 35. Rxe2 Kg7 36. Rd2 Kf6 37. Nfe1 Ne5 38. Rxd7 Nxd7 39. Nd3 g5 40.
Ne3 h4 41. Kg2 c5 42. Kf3 b5 43. Kg4 Kg6 44. f4 f6 45. a4 bxa4 46. bxa4 a6 47.
f5+ Kf7 48. Nc4 Kg7 49. a5 Kf7 50. Nb6 c4 51. Nb2 Ne5+ 52. Kh3 c3 53. N6c4 Nxc4
54. Nxc4 54... c2 {Aristophones resigns} 0-1

[Event "ICS rated blitz match"]
[Site "207.99.83.229"]
[Date "1999.07.21"]
[Round "?"]
[White "Hossa"]
[Black "Aristophones"]
[Result "1-0"]
[WhiteElo "2344"]
[BlackElo "2041"]
[PlyCount "43"]
[EventDate "1999.??.??"]

1. d4 Nf6 2. c4 e6 3. Nc3 Bb4 4. Bg5 h6 5. Bh4 c5 6. d5 Bxc3+ 7. bxc3 d6 8.
Qa4+ Bd7 9. Qb3 b6 10. a4 a5 11. Bxf6 gxf6 12. Nf3 e5 13. Nd2 f5 14. e3 Na6 15.
Be2 Nc7 16. Qxb6 Na6 17. Qxd6 Qe7 18. Qxe7+ Kxe7 19. O-O Kd6 20. Bh5 f6 21.
Rfb1 Rab8 22. Nb3 {Aristophones resigns} 1-0

[Event "ICS Rated blitz match"]
[Site "207.99.83.229"]
[Date "1999.07.21"]
[Round "?"]
[White "JudgeTurpin"]
[Black "Hossa"]
[Result "1/2-1/2"]
[WhiteElo "2552"]
[BlackElo "2349"]
[PlyCount "262"]
[EventDate "1999.??.??"]

1. d4 d5 2. Nc3 Nf6 3. Bg5 Bf5 4. f3 Nbd7 5. Nxd5 Nxd5 6. e4 h6 7. Bh4 c5 8.
exd5 cxd4 9. Qxd4 Bxc2 10. Rc1 Bg6 11. Ne2 Qa5+ 12. Qc3 Qxc3+ 13. bxc3 Rc8 14.
Kd2 Rc4 15. Nd4 Rc5 16. c4 Bh7 17. g4 h5 18. gxh5 Bg8 19. Bd3 Rxh5 20. Bg3 Rc8
21. Rhe1 Kd8 22. Rc3 g6 23. Bf1 Bg7 24. Kd3 e6 25. dxe6 fxe6 26. f4 e5 27. fxe5
Nxe5+ 28. Bxe5 Bxe5 29. h3 Kc7 30. Re4 Rd8 31. Ke3 Bf7 32. Nb5+ Kb8 33. Rd3 Rf8
34. Rd7 a6 35. Nd6 Bxd6 36. Rxd6 Rf5 37. Bg2 Rg5 38. Rd2 Rg3+ 39. Kf4 Rxg2 40.
Rxg2 Bd5+ 41. Ke5 Bc6 42. Ree2 Bf3 43. Rd2 Bxg2 44. Rxg2 Rf3 45. h4 Rf5+ 46.
Ke4 Rh5 47. Rg4 Kc7 48. a3 Rc5 49. Kd4 Rc6 50. Rf4 Kb6 51. Rf7 a5 52. Rg7 Rf6
53. Kd5 Ka7 54. c5 a4 55. Rh7 Ka6 56. Re7 Rf3 57. Re6+ Ka7 58. Rxg6 Rxa3 59.
Rg4 Kb8 60. Re4 Ra1 61. Kc4 Kc7 62. Re7+ Kb8 63. Rh7 Rb1 64. Rh8+ Ka7 65. Re8
Rc1+ 66. Kb4 Ra1 67. Re3 Kb8 68. Rh3 a3 69. h5 Kc7 70. h6 a2 71. Kb3 Rd1 72.
Kxa2 Rd8 73. Kb3 Rh8 74. h7 b6 75. cxb6+ Kxb6 76. Kc4 Kc6 77. Kd4 Kd6 78. Rh5
Ke6 79. Rh1 Kf6 80. Kd5 Kg6 81. Ke6 Rxh7 82. Rg1+ Kh5 83. Rg8 Kh4 84. Ke5 Rf7
85. Rg6 Rf3 86. Rg7 Rf2 87. Ke4 Rf1 88. Rg8 Re1+ 89. Kf4 Rf1+ 90. Ke3 Rd1 91.
Rg7 Rf1 92. Ke4 Re1+ 93. Kd4 Rd1+ 94. Ke5 Re1+ 95. Kf4 Rf1+ 96. Ke3 Rd1 97. Rg8
Rf1 98. Rg6 Rd1 99. Ke4 Re1+ 100. Kd4 Rd1+ 101. Ke5 Re1+ 102. Kf5 Rf1+ 103. Ke6
Rd1 104. Rg7 Rf1 105. Rg8 Rd1 106. Ke5 Re1+ 107. Kd4 Rd1+ 108. Kc4 Rb1 109. Rg7
Rd1 110. Kc3 Rb1 111. Rg8 Rd1 112. Rg6 Rb1 113. Rg2 Rd1 114. Kc4 Rb1 115. Rg8
Rd1 116. Kc5 Rb1 117. Rg7 Rd1 118. Kc4 Rb1 119. Rg6 Rd1 120. Kc5 Rb1 121. Rg8
Rd1 122. Kc6 Rb1 123. Rg7 Rd1 124. Kc5 Rb1 125. Kd6 Rc1 126. Rg2 Re1 127. Kd5
Rd1+ 128. Ke4 Re1+ 129. Kd4 Rd1+ 130. Ke5 Re1+ 131. Kf4 131... Rh1 {
Game drawn by the 50 move rule} 1/2-1/2

[Event "ICS rated blitz match"]
[Site "207.99.83.229"]
[Date "1999.07.21"]
[Round "?"]
[White "swelch"]
[Black "Hossa"]
[Result "0-1"]
[WhiteElo "2064"]
[BlackElo "2357"]
[PlyCount "81"]
[EventDate "1999.??.??"]

1. e4 Nf6 2. e5 Nd5 3. Nc3 Nxc3 4. bxc3 d6 5. Nf3 Bf5 6. d4 Nd7 7. exd6 cxd6 8.
Bd3 Bxd3 9. Qxd3 e5 10. O-O Be7 11. Re1 O-O 12. dxe5 dxe5 13. Be3 Qc7 14. Rab1
Bf6 15. Nd2 Rad8 16. Ne4 b6 17. Qb5 Be7 18. a4 Qb7 19. Bg5 a6 20. Qb3 Bxg5 21.
Nxg5 Qc6 22. a5 b5 23. Rbd1 Qg6 24. Ne4 Nb8 25. Rxd8 Rxd8 26. h3 Nc6 27. Qa3
Qh5 28. Qc5 Rd1 29. Rxd1 Qxd1+ 30. Kh2 Qd7 31. Qb6 Qc8 32. Nc5 Nb8 33. g3 h5
34. Ne4 Nd7 35. Qd6 Qb7 36. Ng5 g6 37. Qe7 Qd5 38. Qe8+ Kg7 39. Qe7 Nf6 40. Nf3
Qxf3 41. Qxe5 {swelch resigns} 0-1

[Event "ICS rated blitz match"]
[Site "207.99.83.229"]
[Date "1999.07.21"]
[Round "?"]
[White "Hossa"]
[Black "Burstow"]
[Result "1-0"]
[WhiteElo "2362"]
[BlackElo "2084"]
[PlyCount "101"]
[EventDate "1999.??.??"]

1. d4 Nf6 2. c4 g6 3. Nc3 d5 4. cxd5 Nxd5 5. e4 Nxc3 6. bxc3 Bg7 7. Bb5+ c6 8.
Be2 O-O 9. Nf3 c5 10. O-O Nc6 11. Be3 Bg4 12. d5 Na5 13. Qc1 b6 14. Bh6 e6 15.
Bxg7 Kxg7 16. Qf4 Bxf3 17. Qxf3 exd5 18. exd5 Qf6 19. Qxf6+ Kxf6 20. Rad1 Rfe8
21. Bb5 Red8 22. Rfe1 Rd6 23. Re4 a6 24. Be2 b5 25. Bf3 Rad8 26. Rf4+ Kg7 27.
Re1 R8d7 28. a4 Nc4 29. axb5 axb5 30. g3 Nb6 31. Rb1 Nxd5 32. Bxd5 Rxd5 33.
Rxb5 Ra7 34. Rc4 Rc7 35. Kg2 f5 36. Ra4 Kf6 37. c4 Rd4 38. h4 Ke5 39. f4+ Ke4
40. Rb1 Kd3 41. Rb3+ Kc2 42. Re3 Rd2+ 43. Kh3 Rb7 44. Ra2+ Kd1 45. Ra1+ Kc2 46.
Re5 Rb2 47. Rxc5 Kc3 48. Rc1+ Kb4 49. Rb5+ Ka4 50. Rxb2 Rxb2 51. c5 {
Burstow resigns} 1-0

[Event "ICS Rated blitz match"]
[Site "207.99.83.229"]
[Date "1999.07.21"]
[Round "?"]
[White "wimpy"]
[Black "Hossa"]
[Result "0-1"]
[WhiteElo "2068"]
[BlackElo "2363"]
[PlyCount "52"]
[EventDate "1999.??.??"]

1. e4 Nf6 2. e5 Nd5 3. c4 Nb6 4. d4 d6 5. f4 Bf5 6. Nc3 e6 7. Bd3 dxe5 8. Bxf5
exd4 9. Bxe6 Qh4+ 10. g3 Qe7 11. Qxd4 Qxe6+ 12. Nge2 Nc6 13. Qe4 Qxe4 14. Nxe4
Nxc4 15. O-O O-O-O 16. b3 f5 17. Ng5 Bc5+ 18. Kg2 Rhe8 19. Nc3 Rd3 20. bxc4
Rxc3 21. Kh3 Rc2 22. Nf3 Nd4 23. Ba3 Ree2 24. Kh4 Bxa3 25. g4 Re3 26. Nxd4
26... Be7+ {wimpy resigns} 0-1

[Event "ICS Rated blitz match"]
[Site "207.99.83.229"]
[Date "1999.07.21"]
[Round "?"]
[White "Hossa"]
[Black "mundilfari"]
[Result "0-1"]
[WhiteElo "2368"]
[BlackElo "2762"]
[PlyCount "72"]
[EventDate "1999.??.??"]

1. d4 d5 2. c4 e6 3. Nc3 Nf6 4. cxd5 Nxd5 5. e4 Nxc3 6. bxc3 c5 7. Nf3 cxd4 8.
cxd4 Be7 9. Bb5+ Bd7 10. Rb1 O-O 11. Bxd7 Qxd7 12. Ne5 Qc7 13. O-O Nd7 14. Bf4
Nxe5 15. Bxe5 Qd7 16. Qb3 b6 17. Rbc1 Bd6 18. Bxd6 Qxd6 19. Rc4 Rac8 20. Rfc1
Rxc4 21. Rxc4 Qd7 22. Qc3 Rd8 23. Qe3 f6 24. Qb3 b5 25. Rb4 Qc6 26. f3 a6 27.
a4 Rc8 28. Qa3 Qc2 29. h4 Qd2 30. Qb2 Rc2 31. Qxc2 Qxc2 32. Kh2 Qxa4 33. Rxa4
bxa4 34. d5 exd5 35. exd5 a3 36. d6 36... Kf7 {Hossa resigns} 0-1

[Event "ICS rated blitz match"]
[Site "207.99.83.229"]
[Date "1999.07.21"]
[Round "?"]
[White "Hossa"]
[Black "bot"]
[Result "0-1"]
[WhiteElo "2365"]
[BlackElo "2842"]
[PlyCount "77"]
[EventDate "1999.??.??"]

1. d4 Nf6 2. c4 e6 3. Nc3 Bb4 4. Bg5 h6 5. Bh4 c5 6. d5 d6 7. Rc1 exd5 8. cxd5
Nbd7 9. a3 Ba5 10. f3 O-O 11. e4 Re8 12. Nge2 c4 13. b3 cxb3 14. Qxb3 Nc5 15.
Qd1 Bd7 16. Qc2 Ba4 17. Qb1 Rc8 18. g3 g5 19. Bh3 Rc7 20. O-O gxh4 21. gxh4 Re5
22. Kh1 Be8 23. Rg1+ Kh8 24. Nb5 Bxb5 25. Qxb5 Bb6 26. Rg2 Rh5 27. Bf5 Rxh4 28.
a4 Re7 29. Rc4 Re5 30. Nd4 Nxd5 31. exd5 Re1+ 32. Rg1 Rxg1+ 33. Kxg1 Rxd4 34.
Rxd4 Na6 35. Kh1 Bxd4 36. Qxb7 Qg5 37. Bg4 Qc1+ 38. Kg2 Qg1+ 39. Kh3 {
Hossa resigns} 0-1

[Event "ICS Rated blitz match"]
[Site "207.99.83.229"]
[Date "1999.07.21"]
[Round "?"]
[White "JudgeTurpin"]
[Black "Hossa"]
[Result "0-1"]
[WhiteElo "2544"]
[BlackElo "2363"]
[PlyCount "158"]
[EventDate "1999.??.??"]

1. Nf3 Nf6 2. c4 e6 3. g3 d5 4. Bg2 Bd6 5. O-O dxc4 6. d3 cxd3 7. Qxd3 e5 8.
Rd1 Nc6 9. Nh4 Nb4 10. Qc4 O-O 11. a3 Be6 12. Qc3 Na2 13. Qc2 Nxc1 14. Qxc1 Qc8
15. Nc3 Bh3 16. Ne4 Nxe4 17. Bxe4 Rd8 18. Qc2 g6 19. Qb3 c6 20. Rd3 Rb8 21.
Rad1 Bc7 22. Rxd8+ Bxd8 23. Nf3 Bf6 24. Qe3 a5 25. Qb6 Bd8 26. Qc5 f6 27. Ne1
Qe6 28. Rd6 Qa2 29. Qc1 Be7 30. Bb1 Qb3 31. Rd3 Qe6 32. Bc2 Qg4 33. Qd2 b6 34.
Ng2 Ra8 35. Ne3 Qh5 36. Nc4 Rb8 37. Bb3 a4 38. Bd1 b5 39. e4 Bg4 40. Na5 Rc8
41. Bxg4 Qxg4 42. Rd7 Bf8 43. Qd3 Qe6 44. Qd2 Qh3 45. Qd3 h6 46. Nb7 g5 47. b4
Qe6 48. Kg2 Qb3 49. Qf3 Qxf3+ 50. Kxf3 c5 51. Nxc5 Bxc5 52. bxc5 Rxc5 53. Ke2
b4 54. axb4 Rb5 55. Kd3 Rxb4 56. Ra7 g4 57. Rd7 Rb2 58. Ra7 Rxf2 59. Rxa4 Rxh2
60. Ra3 h5 61. Kc4 Kf7 62. Rb3 Kg6 63. Rd3 Rh3 64. Kc3 h4 65. gxh4 f5 66. exf5+
Kxf5 67. Kd2 Rxd3+ 68. Kxd3 g3 69. Ke2 Kg4 70. Ke1 Kxh4 71. Ke2 Kh3 72. Kd3 g2
73. Ke4 g1=Q 74. Kxe5 Qc5+ 75. Ke4 Kg4 76. Kd3 Kf3 77. Kd2 Qc4 78. Kd1 Ke3 79.
Ke1 79... Qc1# {JudgeTurpin checkmated} 0-1

[Event "ICS Rated blitz match"]
[Site "207.99.83.229"]
[Date "1999.07.21"]
[Round "?"]
[White "Hossa"]
[Black "JudgeTurpin"]
[Result "1-0"]
[WhiteElo "2387"]
[BlackElo "2520"]
[PlyCount "69"]
[EventDate "1999.??.??"]

1. d4 d5 2. c4 e5 3. dxe5 d4 4. Nf3 Nc6 5. Bf4 Be6 6. Nbd2 Qd7 7. Qb3 O-O-O 8.
O-O-O Na5 9. Qc2 Bf5 10. Ne4 Nc6 11. Qb1 Bg4 12. e3 Bxf3 13. gxf3 Kb8 14. Rg1
h6 15. exd4 g6 16. Rd2 Bb4 17. Rd3 Nxd4 18. Be3 c5 19. a3 Qe6 20. axb4 Qxc4+
21. Kd1 Qxb4 22. Qa2 Rd7 23. Rg4 Rc7 24. Nxc5 Qxc5 25. Rgxd4 Qc2+ 26. Ke1 Rc8
27. Rc4 b6 28. Rd7 a5 29. Rxc2 Nf6 30. Rxc8+ Rxc8 31. exf6 g5 32. Qd5 Rc7 33.
Rd8+ Rc8 34. Ba6 Rxd8 35. Qb7# {JudgeTurpin checkmated} 1-0

[Event "ICS Rated blitz match"]
[Site "207.99.83.229"]
[Date "1999.07.21"]
[Round "?"]
[White "Amateur"]
[Black "Hossa"]
[Result "0-1"]
[WhiteElo "2486"]
[BlackElo "2409"]
[PlyCount "190"]
[EventDate "1999.??.??"]

1. d4 d5 2. c4 e6 3. Nc3 Nf6 4. Bg5 c6 5. e3 Be7 6. Bd3 O-O 7. cxd5 exd5 8.
Nge2 Ng4 9. Bf4 Bh4 10. O-O Qe7 11. Qc2 f5 12. Ng3 Qe6 13. Rae1 Na6 14. Bxa6
bxa6 15. Na4 g5 16. Bc7 Qd7 17. Ba5 Qd6 18. Qd2 Rb8 19. a3 f4 20. exf4 Qxf4 21.
Qxf4 gxf4 22. Nh5 Bxf2+ 23. Rxf2 Nxf2 24. Kxf2 Bg4 25. Re5 Bd1 26. Rg5+ Kf7 27.
Nc5 Rxb2+ 28. Kg1 Bxh5 29. Rxh5 Rg8 30. Rxh7+ Ke8 31. Nxa6 Rgxg2+ 32. Kf1 f3
33. Be1 Rxh2 34. Nc7+ Kd8 35. Ne6+ Kc8 36. Rxh2 Rxh2 37. Ng5 c5 38. dxc5 Rc2
39. Bb4 Ra2 40. Nxf3 a5 41. Bd2 Rxa3 42. Kf2 a4 43. Ba5 Ra2+ 44. Kg3 a3 45. Nd4
Rb2 46. Bc3 Rb1 47. Kf4 Rc1 48. Ne2 Rc2 49. Kf3 Kb7 50. c6+ Kb6 51. Ke3 a2 52.
Ba1 Rc5 53. Kd4 Kxc6 54. Kd3 Rc4 55. Nd4+ Kc5 56. Bb2 Rb4 57. Bc3 Rb1 58. Nc2
Rd1+ 59. Ke2 Rh1 60. Be5 Rh5 61. Bf6 Rf5 62. Bg7 Rg5 63. Bb2 Rg3 64. Kf2 Rg4
65. Kf3 Rc4 66. Na1 Kb4 67. Ke3 Rg4 68. Kd3 Rf4 69. Bc3+ Ka3 70. Nc2+ Kb3 71.
Na1+ Ka4 72. Bb2 Rb4 73. Bc3 Rb1 74. Kc2 Rg1 75. Bd4 Re1 76. Kb2 Re2+ 77. Kc3
Re4 78. Bg7 Rb4 79. Kd3 Rb1 80. Be5 Re1 81. Bb2 Rf1 82. Bd4 Rd1+ 83. Ke3 Kb4
84. Bf6 Kc4 85. Ke2 Rh1 86. Nc2 Rh2+ 87. Kd1 d4 88. Bxd4 Kd3 89. Nb4+ Kxd4 90.
Nxa2 Rxa2 91. Kc1 Kd3 92. Kb1 Rc2 93. Ka1 Kc4 94. Kb1 Kb3 95. Ka1 95... Rc1# {
Amateur checkmated} 0-1

[Event "ICS Rated blitz match"]
[Site "207.99.83.229"]
[Date "1999.07.21"]
[Round "?"]
[White "Hossa"]
[Black "Amateur"]
[Result "0-1"]
[WhiteElo "2428"]
[BlackElo "2467"]
[PlyCount "77"]
[EventDate "1999.??.??"]

1. d4 d5 2. c4 c6 3. Nc3 Nf6 4. cxd5 cxd5 5. f3 e6 6. Bg5 Nc6 7. Rc1 Qb6 8.
Bxf6 gxf6 9. e3 Qxb2 10. Rc2 Qb4 11. Bb5 Bh6 12. e4 Bd7 13. Nge2 dxe4 14. fxe4
Rd8 15. Qd3 Qa3 16. Bxc6 Bxc6 17. Qh3 Ba4 18. Nxa4 Qxa4 19. Qd3 O-O 20. Rb2
Qa5+ 21. Kf2 b6 22. Rc2 Bg7 23. Qe3 e5 24. Kf3 f5 25. dxe5 Qxe5 26. Ng3 f4 27.
Qxf4 Rd3+ 28. Kg4 f5+ 29. exf5 Rd4 30. Qxd4 Qxd4+ 31. Kh5 Bf6 32. h4 Qd3 33.
Re2 Be5 34. Re4 Bxg3 35. Rg4+ Kh8 36. f6 Qb5+ 37. Rg5 Qe2+ 38. Rg4 Rxf6 39. Rh2
{Hossa resigns} 0-1

[Event "ICS Rated blitz match"]
[Site "207.99.83.229"]
[Date "1999.07.21"]
[Round "?"]
[White "Amateur"]
[Black "Hossa"]
[Result "1-0"]
[WhiteElo "2481"]
[BlackElo "2414"]
[PlyCount "193"]
[EventDate "1999.??.??"]

1. e4 Nf6 2. e5 Nd5 3. d4 d6 4. Nf3 Nc6 5. c4 Nb6 6. Be2 e6 7. exd6 cxd6 8. O-O
Be7 9. Bf4 O-O 10. Nc3 d5 11. c5 Nd7 12. Qd3 Nb4 13. Qd2 Nc6 14. Rae1 Nf6 15.
Nb5 Ne4 16. Qd3 Bh4 17. Qe3 Nb4 18. Qb3 a5 19. Nc7 Ra7 20. a3 Nc6 21. Nb5 Ra8
22. Qe3 Be7 23. Bd3 Nf6 24. Bc7 Qd7 25. Qd2 Ng4 26. Ng5 h6 27. Nf3 Nf6 28. Qe3
Bd8 29. Bg3 Ng4 30. Qd2 Be7 31. Re2 a4 32. Rfe1 Ra5 33. Nc3 Nf6 34. Bc2 Qd8 35.
Bxa4 Ng4 36. b4 Ra8 37. Bxc6 bxc6 38. a4 h5 39. b5 h4 40. Bf4 h3 41. gxh3 Nf6
42. bxc6 Ba6 43. Nb5 Ne4 44. Qb4 Qc8 45. c7 Re8 46. Re3 Rf8 47. Bd6 Qe8 48. Ne5
Bc8 49. Rf3 Ba6 50. Ree3 Bb7 51. Nc3 Bxd6 52. cxd6 Bc8 53. Qb8 Rxa4 54. Nxa4
Qxa4 55. Ng6 Nxd6 56. Nxf8 Kxf8 57. Rxe6 Qd1+ 58. Kg2 Qxf3+ 59. Kxf3 fxe6 60.
Kf4 Kf7 61. h4 Ke7 62. Kg5 Kf7 63. f3 Ke7 64. Kg6 Kd7 65. h5 Nf5 66. Qb6 Ke7
67. Qc5+ Kd7 68. Kf7 Ba6 69. Qf8 Bc8 70. Qd8+ Kc6 71. h6 gxh6 72. Kf6 Kb7 73.
Ke5 Ne3 74. h4 h5 75. Kd6 Nc4+ 76. Ke7 Na5 77. Qd6 Nc6+ 78. Ke8 Kb6 79. Kf7 Kb7
80. f4 Na7 81. f5 exf5 82. Kg6 Nc6 83. Kxh5 Kb6 84. Kg6 Kb7 85. h5 f4 86. h6 f3
87. h7 f2 88. Qf4 Ne7+ 89. Kf7 Nc6 90. h8=Q f1=Q 91. Qxf1 Kxc7 92. Qh2+ Kb6 93.
Qb1+ Ka6 94. Qha2+ Na5 95. Qb4 Be6+ 96. Kxe6 Ka7 97. Qaxa5# {Hossa checkmated}
1-0

[Event "ICS rated blitz match"]
[Site "207.99.83.229"]
[Date "1999.07.21"]
[Round "?"]
[White "Hossa"]
[Black "JudgeTurpin"]
[Result "0-1"]
[WhiteElo "2401"]
[BlackElo "2484"]
[PlyCount "100"]
[EventDate "1999.??.??"]

1. d4 d5 2. c4 Nc6 3. Nc3 dxc4 4. Nf3 Nf6 5. e3 e5 6. Bxc4 exd4 7. exd4 Bd6 8.
O-O O-O 9. Be3 Bg4 10. Bb5 Qe8 11. Re1 a6 12. Bg5 Bxf3 13. Qxf3 Nxd4 14. Qxb7
Qb8 15. Bxa6 Nc2 16. Bxf6 gxf6 17. Nd5 Nxe1 18. Rxe1 Qxb7 19. Bxb7 Rxa2 20. Rb1
Rb8 21. Nc3 Ra5 22. Bc6 Rc5 23. Be4 Be5 24. Nd1 Bxb2 25. Ne3 Re8 26. g3 Rxe4
27. Rxb2 Kg7 28. Rd2 f5 29. Re2 Kf6 30. Kg2 Rd4 31. Nc2 Ra4 32. Ne3 f4 33. Ng4+
Kf5 34. f3 h5 35. Nf2 fxg3 36. Ne4 Rca5 37. hxg3 Ra2 38. Kf2 R5a3 39. Ke1 Ke5
40. Nd2+ Kd4 41. Re4+ Kd3 42. Nf1 Ra1+ 43. Kf2 R3a2+ 44. Kg1 Re2 45. Rf4 Ree1
46. Rxf7 Rxf1+ 47. Kg2 Rg1+ 48. Kh3 Rh1+ 49. Kg2 Rag1+ 50. Kf2 50... Rf1+ {
Hossa resigns} 0-1

[Event "ICS Rated blitz match"]
[Site "207.99.83.229"]
[Date "1999.07.21"]
[Round "?"]
[White "bot"]
[Black "Hossa"]
[Result "1-0"]
[WhiteElo "2831"]
[BlackElo "2389"]
[Annotator "Fritz 5.32 (17s)"]
[PlyCount "27"]
[EventDate "1999.??.??"]

1. d4 1... d5 {Opening = D50 - 4.Bg5 ---} 2. c4 e6 3. Nc3 Nf6 4. Bg5 c6 5. e3
Be7 (5... Bb4 6. Qc2 Nbd7 7. cxd5 exd5 8. Bd3 g6 9. Nge2 a5 10. O-O Be7 11. f3
Nh5 12. Bxe7 Qxe7 13. e4 dxe4 14. fxe4 O-O 15. Rae1 c5 16. Nd5 Qg5 17. dxc5 Ne5
18. Nd4 Be6 19. Nf3 Nxf3+ 20. Rxf3 {
Priehoda,V-Okhotnik,V/Lilie Open, Litomysl CZE 1997/1-0 (50)}) 6. Nf3 6... O-O
$146 (6... Nbd7 7. cxd5 (7. Rc1 dxc4 8. Bxc4 b5 9. Bd3 Bb7 10. O-O a6 11. Bxf6
Bxf6 12. b4 Be7 13. a3 a5 14. Qb3 axb4 15. axb4 O-O 16. Rfd1 Ra6 17. Qb1 h6 18.
Ne4 Qb6 19. Nc5 Nxc5 20. dxc5 Qc7 21. Bc2 Raa8 22. Qb3 Rfd8 23. Nd4 Qe5 24. Qd3
g6 25. Qe2 Ra2 26. Qf3 Qh5 27. Qxh5 gxh5 28. Be4 e5 29. Nf5 Rxd1+ 30. Rxd1 Bf8
31. Nd6 Ba8 32. g3 Rb2 33. Ra1 {1-0 Garn,E-Plencner,C/Open, Linz AUT 1997 (33)}
) 7... exd5 8. Bd3 h6 9. Bf4 O-O 10. h3 Re8 11. Qc2 Nf8 12. O-O-O Bd6 13. Ne5
Bxe5 14. Bxe5 N6d7 15. Bh2 b6 16. Kb1 Bb7 17. g4 Qe7 18. h4 a6 19. g5 h5 20. g6
Nxg6 21. Bxg6 {Feoktistov,A-Gassij,O/St Petersburg RUS 1998/1-0 (37)}) 7. Qc2
h6 8. Bh4 Na6 9. Qd1 Qb6 10. Qd2 Nc7 11. c5 {Weiss gewinnt Raum} 11... Qb4 $4
$18 (11... Qa5 $14 $142 {geht wohl noch}) 12. Bd3 $4 $14 {
ein schwacher Zug, der den Gewinn vergibt} (12. a3 Qb3 13. Bxf6 gxf6 14. Qc1
$18) 12... b6 $4 $18 (12... Rd8 $14 $142 {ist gerade noch spielbar}) 13. Ne5
Ne4 (13... Bb7 14. a3 Qb3 15. Bc2 Qxb2 16. Bh7+ Nxh7 17. Qxb2 Bxh4 18. cxb6 $18
) 14. Bxe4 $1 {zwingend und schoen} (14. Bxe4 Bxh4 15. Nxc6 Qxc3 16. Qxc3 dxe4
17. O-O $18) 1-0

[Event "ICS Rated blitz match"]
[Site "207.99.83.229"]
[Date "1999.07.21"]
[Round "?"]
[White "Hossa"]
[Black "bot"]
[Result "0-1"]
[WhiteElo "2387"]
[BlackElo "2833"]
[PlyCount "57"]
[EventDate "1999.??.??"]

1. d4 Nf6 2. c4 g6 3. Nc3 Bg7 4. e4 d6 5. f3 O-O 6. Be3 e5 7. Nge2 c6 8. Qd2
exd4 9. Nxd4 d5 10. exd5 cxd5 11. c5 Qe7 12. O-O-O Re8 13. Bh6 Bxh6 14. Qxh6
Qxc5 15. Nb3 Qd6 16. Bc4 Be6 17. Rhe1 Nbd7 18. Bb5 Rac8 19. Bxd7 Bxd7 20. Rxe8+
Nxe8 21. Kb1 Nc7 22. g4 Bb5 23. g5 Qa6 24. Rc1 Bd7 25. Nc5 Bf5+ 26. Ka1 Qc4 27.
Nb3 Nb5 28. Nd2 Qf4 29. Nb3 {Hossa resigns} 0-1

[Event "ICS Rated blitz match"]
[Site "207.99.83.229"]
[Date "1999.07.21"]
[Round "?"]
[White "Hossa"]
[Black "JudgeTurpin"]
[Result "1-0"]
[WhiteElo "2385"]
[BlackElo "2512"]
[PlyCount "149"]
[EventDate "1999.??.??"]

1. d4 d5 2. c4 e5 3. dxe5 d4 4. Nf3 Nc6 5. Bf4 Be6 6. Nbd2 Qd7 7. Qb3 O-O-O 8.
O-O-O Na5 9. Qc2 Bf5 10. Ne4 Nc6 11. Qb1 Nb4 12. Rxd4 Qe6 13. Rxd8+ Kxd8 14. e3
Bxe4 15. Qxe4 Qg6 16. Qxg6 hxg6 17. a3 Nc6 18. Nd4 Nge7 19. Be2 b6 20. Nxc6+
Nxc6 21. Rd1+ Ke7 22. Bg4 Nb8 23. Bg5+ f6 24. Bf4 f5 25. Bf3 Ke8 26. h3 Be7 27.
e6 Rh4 28. Bd5 Bd6 29. Bg5 Rh5 30. h4 Be7 31. g4 Rh8 32. Bf4 Bd6 33. Bxd6 cxd6
34. Rg1 Kf8 35. gxf5 gxf5 36. Rg5 f4 37. Rf5+ Ke8 38. Rxf4 Rf8 39. Rxf8+ Kxf8
40. c5 bxc5 41. h5 Na6 42. h6 gxh6 43. f4 Nc7 44. Ba2 Ke7 45. f5 d5 46. Bb1 Nb5
47. b3 Nxa3 48. Bd3 c4 49. Be2 cxb3 50. e4 dxe4 51. Kb2 Nc2 52. Bg4 Ne3 53. Bh3
Kf6 54. Kxb3 h5 55. Kb4 Nd5+ 56. Kc5 Nf4 57. Kd6 Nd3 58. e7 Kf7 59. f6 Nc5 60.
Kxc5 e3 61. Bd7 Kxf6 62. e8=Q h4 63. Qxe3 Kg6 64. Qe4+ Kg7 65. Qxh4 Kg6 66.
Qg3+ Kf6 67. Qd6+ Kg7 68. Qa6 Kf7 69. Qa2+ Kg7 70. Qxa7 Kf7 71. Kd6 Kg6 72. Ke5
Kh5 73. Qg1 Kh6 74. Kf6 Kh7 75. Qg7# {JudgeTurpin checkmated} 1-0